000 00283nam a22001217a 4500
008 180802b xxu||||| |||| 00| 0 eng d
082 _a813.52
245 _aThe Philosophy of Mind
_cSearle,J.R
260 _c1996
300 _a6
_fCassette
440 _x18008322412
942 _2ddc
_cMX
999 _c46729
_d46729